000 00632nam a22001577a 4500
005 20090806120224.0
008 090806t xxu||||| |||| 00| 0 eng d
080 _a593.96(548-12:210.5)
_bBAS
100 _aBaskar, B.K.
_91881
245 _aStudies on the biology,ecology and fishery of the sea cucumber holothuria (metriatyle) scabra (Jaeger) from south east coast of India
300 _a119p.
653 _aGuide : Dr. James, P.S.B.R.
942 _cTH
260 _aKochi
_bCMFRI
_c1991
_91882
952 _w2009-08-06
_pG0005360
_r2009-08-06
_40
_00
_bUL
_10
_o593.96(548-12:210.5) BAS
_d2009-08-06
_70
_2udc
_yTH
_aUL
999 _c2295
_d2295